000 00948nmc a2200265 a 4500
003 AR-BaBNM
005 20251128203212.0
008 291020s1971 ||||||||||||||000 | spa||
040 _cAR-BaBNM
100 1 _aSmith, Richard E.
245 1 0 _aEl retroproyector
_btécnicas de proyección y preparación de transparencias
260 _aMéxico, D.F.
_bCentro Regional de Ayuda Técnica. Agencia para el Desarrollo Internacional
_c1971
300 0 _a93 p.
_bil.
490 0 _aMateriales audiovisuales : guías para el maestro
504 _aContiene apéndices con listado de equipos y materiales para retroproyección y bibliografía recomendada
650 4 _aTECNOLOGIA EDUCATIVA
650 4 _aMATERIALES DE ENSENANZA
650 4 _aDIAPOSITIVAS
650 4 _aEQUIPO AUDIOVISUAL
650 4 _aRETROPROYECTORES
650 4 _aPREPARACION DE MATERIAL DIDACTICO
700 1 _aWinkler, Max Karl
_eilustrador
942 _cBK
998 _cRAQUEL
999 _c2367
_d2367